000 01034pam a2200277 a 4500
001 1005939
005 20241111115003.0
008 870821s1988 enka b 001 0 eng
020 _a0521322243
020 _a0521311128 (pbk.)
050 0 0 _aHC79.E5
_bB375 1988
082 0 0 _a363.7/001
_219
100 1 _aBaumol, William J.
245 1 4 _aThe theory of environmental policy /
_cWilliam J. Baumol, Wallace E. Oates ; with contributions by V.S. Bawa and David F. Bradford.
250 _a2nd ed.
260 _aCambridge [Cambridgeshire] ;
_aNew York :
_bCambridge University Press,
_c1988.
300 _ax, 299 p. :
_bill. ;
_c24 cm.
650 0 _aEnvironmental policy.
650 0 _aExternalities (Economics)
650 0 _aExpenditures, Public.
650 0 _aQuality of life.
700 1 _aOates, Wallace E.
856 4 2 _3Publisher description
_uhttp://www.loc.gov/catdir/description/cam023/87024975.html
856 4 1 _3Table of contents only
_uhttp://www.loc.gov/catdir/enhancements/fy0632/87024975-t.html
942 _2lcc
_cBK
_n0
999 _c996
_d996